La restitución en la resolución por incumplimiento de los contratos traslativos del dominio.

Na minha lista:
Detalhes bibliográficos
Autor principal: Monfort Ferrero, María Jesús (autora)
Formato: Livro
Publicado em: Valencia, España: Tirant lo Blanch, 1999.
coleção:Tirant Monografías
Assuntos:
Tags: Adicionar Tag
Sem tags, seja o primeiro a adicionar uma tag!

MARC

LEADER 00000nam a22000007a 4500
003 CL-VaPUC
005 20241004150532.0
008 240909t1999 ||||| |||| 00| 0 eng d
999 |c 444669  |d 444667 
020 |a 84-8442-007-8 
040 |c Pontificia Universidad Católica de Valparaíso 
082 |2 22  |a 346.022 MON 1999 
100 1 |a Monfort Ferrero, María Jesús   |e autora  |9 891146 
245 1 3 |a La restitución en la resolución por incumplimiento de los contratos traslativos del dominio. 
260 |a Valencia, España:  |b Tirant lo Blanch,  |c 1999. 
300 |a 423 páginas. 
490 |a Tirant Monografías  |n  145. 
500 |a c.1 Donación. Memo DER N° 35. 04-09-2024 
583 |c 20240909  |k Catalogador Asistente 
650 0 |9 385193  |a Incumplimiento de los contratos   |x Contrato traslativo del dominio  |x Resolución de contrato  |x Derecho 
650 0 |9 397559  |a Restitución  |x Contratos  |x Derecho 
942 |2 ddc  |c BK 
952 |0 0  |1 0  |2 ddc  |4 0  |6 346_022000000000000_MON_1999  |7 0  |8 A  |9 596675  |a BIBDER  |b BIBDER  |d 2024-09-09  |e Donación  |i 5662660  |o 346.022 MON 1999  |p 5662660  |r 2024-09-09  |t 1  |w 2024-09-09  |y BK  |k DER